00848nam a2200229 a 450000100060000000300080000600500170001400800410003103500190007204000270009104100080011808200200012610000310014624501610017726000380033830000270037665000210040370000270042494200120045199900170046395201380048066584BD-RjUL20211209081546.0190318s1961 enk 000 0 eng d a(BD-RjUL)66714 aUKMcUKMdBD-RjULbeng aeng 223a306.81bMCC1 aMcNamara, Clarice.919709010aCommon sense about marriage :ba practical guide for young people intending to get married and those already married /cby Clarice McNamara and Jean Newcomb aMacmillan & Co.:bLondon,cc1961. aviii, 125 p. ;c18 cm. aMarriage91970911 aNewcomb, Jean.9197092 2ddccBK c66584d66584 00102ddc40718NFICaRUCLbRUCLcReadingd2021-12-09eEuro-Pak.g9.14l0o306.81 MCC 1961r2017-03-18 00:00:00tC-1w2021-12-09yBK